00305nam a2200121Ia 4500008004100000082001000041245003100051250000600082260002500088300000800113630003100121730003100152090124s9999 xx 000 0 und d b43775 aPHYSICS FOR ENTERTAINMENT  a4 bMIR PUBLISHERSc1977 a330 aPHYSICS FOR ENTERTAINMENT  aPHYSICS FOR ENTERTAINMENT